000 01010nam a22002897a 4500
005 20240530110624.0
008 161231s2015 xxu g 000 0 ara d
017 _a2014/16501
_bمصر. دار الكتب
020 _a9789777351904
040 _aEG-CaGPL
_cEG-CaGPL
082 0 4 _221
_a214.5\
_bخ ت
100 0 _aخالد حربى .
245 1 0 _aتراث المسلمين العلمى :
_bتأصيل و استشراق /
_cخالد حربى .
250 _aط.1
260 _aالاسكندرية :
_bدار الوفاء لدنيا الطباعة و النشر ،
_c2015 .
300 _a543 ص ؛
_c24 سم .
600 0 _aابوبكر الرازى
600 0 _aابن وحشية .
650 0 7 _2qrmak
_aالاسلام و العلوم
650 0 7 _2qrmak
650 0 7 _2qrmak
_aهجرة العقول
650 0 7 _2qrmak
_a المخطوطات - مؤتمرات
650 0 7 _2qrmak
_aالاستشراق .
651 _2qrmak
942 _2ddc
_cBK
999 _c63109
_d63109